<?xml version="1.0" encoding="UTF-8"?>
<record
    xmlns:xsi="http://www.w3.org/2001/XMLSchema-instance"
    xsi:schemaLocation="http://www.loc.gov/MARC21/slim http://www.loc.gov/standards/marcxml/schema/MARC21slim.xsd"
    xmlns="http://www.loc.gov/MARC21/slim">

  <leader>00919nam a22002057a 4500</leader>
  <controlfield tag="008">150831b        xxu||||| |||| 00| 0 eng d</controlfield>
  <datafield tag="020" ind1=" " ind2=" ">
    <subfield code="a">9786124092299</subfield>
  </datafield>
  <datafield tag="082" ind1=" " ind2=" ">
    <subfield code="a">700.92</subfield>
    <subfield code="b">L864r</subfield>
  </datafield>
  <datafield tag="100" ind1=" " ind2=" ">
    <subfield code="a">Hastings, Rafael </subfield>
    <subfield code="9">3411</subfield>
  </datafield>
  <datafield tag="245" ind1=" " ind2=" ">
    <subfield code="a">El futuro es nuestro y/o por un pasado mejor</subfield>
    <subfield code="b">1983-1967</subfield>
    <subfield code="c">Rafael Hastings; Miguel A. L&#xF3;pez [curador]</subfield>
  </datafield>
  <datafield tag="260" ind1=" " ind2=" ">
    <subfield code="a">Lima:</subfield>
    <subfield code="b">Instituto Cultural Peruano Norteamericano</subfield>
    <subfield code="c">2014</subfield>
  </datafield>
  <datafield tag="300" ind1=" " ind2=" ">
    <subfield code="a">231 p.</subfield>
    <subfield code="b">ill. (col.)</subfield>
    <subfield code="c">29 cm.</subfield>
  </datafield>
  <datafield tag="500" ind1=" " ind2=" ">
    <subfield code="a">Del 11 de octubre al 23 de noviembre de 2014. Galer&#xED;a Germ&#xE1;n Kr&#xFC;ger Espantoso</subfield>
  </datafield>
  <datafield tag="505" ind1=" " ind2=" ">
    <subfield code="t">Una delicada anarqu&#xED;a / Miguel A. L&#xF3;pez -- El arte es bonito e interesante. Una conversaci&#xF3;n con Rafael Hastings / Miguel A. L&#xF3;pez -- Portafolio</subfield>
  </datafield>
  <datafield tag="600" ind1=" " ind2=" ">
    <subfield code="a">Hasting, Rafael </subfield>
    <subfield code="x">Biograf&#xED;a</subfield>
    <subfield code="9">3412</subfield>
  </datafield>
  <datafield tag="650" ind1=" " ind2=" ">
    <subfield code="a">Arte moderno</subfield>
    <subfield code="z">Per&#xFA;</subfield>
    <subfield code="9">3413</subfield>
  </datafield>
  <datafield tag="650" ind1=" " ind2=" ">
    <subfield code="a">Artista</subfield>
    <subfield code="v">Pintor</subfield>
    <subfield code="z">Per&#xFA;</subfield>
    <subfield code="9">3414</subfield>
  </datafield>
  <datafield tag="650" ind1=" " ind2=" ">
    <subfield code="a">Cat&#xE1;logos</subfield>
    <subfield code="9">3415</subfield>
  </datafield>
  <datafield tag="700" ind1=" " ind2=" ">
    <subfield code="a">L&#xF3;pez, Miguel A. [curador]</subfield>
    <subfield code="9">3416</subfield>
  </datafield>
  <datafield tag="999" ind1=" " ind2=" ">
    <subfield code="c">728</subfield>
    <subfield code="d">728</subfield>
  </datafield>
  <datafield tag="952" ind1=" " ind2=" ">
    <subfield code="0">0</subfield>
    <subfield code="1">0</subfield>
    <subfield code="2">ddc</subfield>
    <subfield code="4">0</subfield>
    <subfield code="7">0</subfield>
    <subfield code="a">LV</subfield>
    <subfield code="b">LV</subfield>
    <subfield code="c">Monograf&#xED;as</subfield>
    <subfield code="d">2015-08-31</subfield>
    <subfield code="l">0</subfield>
    <subfield code="o">700.92 L864r</subfield>
    <subfield code="p">004081</subfield>
    <subfield code="r">2015-08-31 00:00:00</subfield>
    <subfield code="w">2015-08-31</subfield>
    <subfield code="y">01</subfield>
  </datafield>
</record>
